Memantapkan Penilaian dan Taksiran Kenderaan Terpakai Yang Diimport Di Pelabuhan Utara.(CEKS 2009) (Record no. 4594)

000 -LEADER
fixed length control field nam a22 a 4500
005 - DATE AND TIME OF LATEST TRANSACTION
control field 20170601123150.0
008 - FIXED-LENGTH DATA ELEMENTS--GENERAL INFORMATION
fixed length control field 170601s2009 my ||||| |||| 00| 0 may d
040 ## - CATALOGING SOURCE
Original cataloging agency AKMAL
082 ## - DEWEY DECIMAL CLASSIFICATION NUMBER
Classification number 382.709595 KON
090 ## - LOCALLY ASSIGNED LC-TYPE CALL NUMBER (OCLC); LOCAL CALL NUMBER (RLIN)
Classification number (OCLC) (R) ; Classification number, CALL (RLIN) (NR) 382.709595
Local cutter number (OCLC) ; Book number/undivided call number, CALL (RLIN) KON
110 01 - MAIN ENTRY--CORPORATE NAME
Corporate name or jurisdiction name as entry element Kastam Diraja Malaysia Selangor.
9 (RLIN) 8848
245 ## - TITLE STATEMENT
Title Memantapkan Penilaian dan Taksiran Kenderaan Terpakai Yang Diimport Di Pelabuhan Utara.(CEKS 2009)
260 ## - PUBLICATION, DISTRIBUTION, ETC.
Place of publication, distribution, etc. Selangor:
Name of publisher, distributor, etc. Kastam Diraja Malaysia Selangor,
Date of publication, distribution, etc. 2009
300 ## - PHYSICAL DESCRIPTION
Extent 265 mukasurat
Other physical details il. wrn.
Dimensions 30 cm
710 2# - ADDED ENTRY--CORPORATE NAME
Corporate name or jurisdiction name as entry element Kastam Diraja Malaysia Selangor
9 (RLIN) 8848
942 ## - ADDED ENTRY ELEMENTS (KOHA)
Source of classification or shelving scheme
Koha item type Book
950 ## - LOCAL HOLDINGS (RLIN)
Permanent shelving location, LOC (RLIN) AKMAL.
Holdings
Withdrawn status Lost status Source of classification or shelving scheme Damaged status Not for loan Collection code Home library Current library Shelving location Date acquired Inventory number Total Checkouts Full call number Barcode Date last seen Price effective from Koha item type
          NON-FICTION AKMAL Melaka AKMAL Melaka PINJAMAN 01.06.2017 306029   382.709595 KON 201707301 01.06.2017 01.06.2017 Book
Pusat Sumber Maklumat Dato' Haji Sarmin Md Hussin, Akademi Kastam Diraja Malaysia, Melaka
Tel: 06-2331106 | Faks: 06-2313787